01401 a2200229 4500003000500000005001700005010001600022020001500038040000900053082001400062100003500076245006200111250001200173260005300185300003500238505063900273650007400912650003200986942001201018999001901030952012201049Nust20221014125432.0 a 76021324 a0132506130 cNust00a604.2,RAS1 aRaskhodoff, Nicholas M.97827310aElectronic drafting and design /cNicholas M. Raskhodoff. a3rd ed. aEnglewood Cliffs, N.J. :bPrentice-Hall,cc1977. axvii, 555 p. :bill. ;c24 cm. aDrawing Procedures (Page-1), Drawing Practices (Page-37), Drafting Room Routine (Page-57), Components in Electronics (Page-72), Fasteners, Material and Finishes (Page-121),Governmental Requirements (Page-145), Engineering Standards and Specifications (Page-155),General Electronic Design (Page-161),Graphics Symbols (Page-220), Reference Designations (Page-263), Schematic Diagrams (Page-281),Connection or Wiring Diagrams (Page-340), Printed Circuitry (Page-384), Industrial Electronic Diagrams (Page-436),Wiring Harnesses (Page-457), Checking Electronic Drawings (Page-472), Graphics Drawings (Page-480), Block Diagrams (Page-508). 0aElectronic apparatus and appliancesxDesign and construction.9100328 0aElectronic drafting.937543 2ddccBK c183032d183032 00102ddc4070aMCSbMCScGENd2016-12-12o604.2,RASpMCS3351r2016-12-08w2016-12-12yBKzAlmirah No.28, Shelf No.2